000 00760nam a2200229Ia 4500
003 GCL
008 140319s9999 xx 000 0 ara d
040 _aGCL /
_cGCL
082 0 4 _a320.5
_bم ى
100 1 _aمجموعة من الباحثين
245 1 0 _aاليسار العربى وقضايا المستقبل /
_cمجموعة من الباحثين
700 1 _aمركز البحوث العربية
300 _a484 ص
490 _aالهيئة العامة للاستعلامات
_v0
650 0 4 _aالماركسية
650 0 4 _aالاشتراكية
650 0 4 _aالسياسة
650 0 4 _aالديمقراطية
650 0 4 _aالنظم السياسية
650 0 4 _aالصراع العربى الاسرائيلى
942 _2ddc
_cBK
999 _c51939
_d51939